| 000 | 00659nam a22002177a 4500 | ||
|---|---|---|---|
| 003 | 0 | ||
| 005 | 20250324155535.0 | ||
| 008 | 250324b xxu||||| |||| 00| 0 eng d | ||
| 020 | _a9781265102593 | ||
| 050 |
_aHG 4026 _b.B6668 2023 |
||
| 100 |
_4Brealey, Richard A. _91 |
||
| 245 |
_aFundamentals of corporate finance _cRichard A. Brealey and two others |
||
| 250 | _aEleventh edition | ||
| 260 |
_aNew York City _bMcGraw-Hill , LLC _c2023 |
||
| 300 |
_axxxi, 726 pages ; _c28cm. |
||
| 504 | _aIncludes glossary and index. | ||
| 650 | _aCorporations--Finance. | ||
| 700 | _aMyers, Stewart C. | ||
| 700 | _aMarcus, Alan J. | ||
| 942 |
_2lcc _cBK |
||
| 999 |
_c367331 _d367331 |
||